| 000 | 00758nam a22002297a 4500 | ||
|---|---|---|---|
| 005 | 20170124110214.0 | ||
| 010 | _aA-574266 | ||
| 020 |
_c500.00 _a8185163308 |
||
| 035 | _aA-574266 | ||
| 037 | _bCen Lib/Ret | ||
| 040 |
_aDPL _bEN |
||
| 082 |
_a969.0481 _bSAX |
||
| 100 |
_aSaxena, S. C _938796 |
||
| 245 |
_aSouth Africa : _cby S. C. Saxena _bwalking the last mile / |
||
| 260 |
_aDelhi _bKalinga Publications _c1992 |
||
| 270 |
_a10 A, Pocket I, Mayur Vihar _bDelhi _e110091 |
||
| 300 |
_axi,508p. _c22cm(Hb) |
||
| 500 | _aIncludes bibliographical references and index | ||
| 650 |
_aSouth Africa -- Politics and government -- 1989-1994 _938797 |
||
| 650 |
_aApartheid -- South Africa _938798 |
||
| 942 |
_2ddc _cEN _h968.0481 _mSAX |
||
| 999 |
_c133744 _d133744 |
||